The Scottish arbitration code 2007 (Record no. 108567)

MARC details
000 -LEADER
fixed length control field 01570cad a22002415a 4500
001 - CONTROL NUMBER
control field E144632
008 - FIXED-LENGTH DATA ELEMENTS--GENERAL INFORMATION
fixed length control field 080801s2007 stk f 000 0 eng d
035 ## - SYSTEM CONTROL NUMBER
System control number (Sirsi) u144632
041 0# - LANGUAGE CODE
Language code of text/sound track or separate title eng
110 2# - MAIN ENTRY--CORPORATE NAME
Corporate name or jurisdiction name as entry element Chartered Institute of Arbitrators
Subordinate unit Scottish Branch
9 (RLIN) 3828
245 04 - TITLE STATEMENT
Title The Scottish arbitration code 2007
Remainder of title also known as the Scottish arbitration rules 2007
Medium [electronic resource]
260 ## - PUBLICATION, DISTRIBUTION, ETC.
Place of publication, distribution, etc. [S.l.]
Name of publisher, distributor, etc. Chartered Institute of Arbitrators, Scottish Branch
Date of publication, distribution, etc. 2007
505 2# - FORMATTED CONTENTS NOTE
Formatted contents note Commencement of the arbitration -- Notices and communications -- Qualifications of the arbitrator -- Challenge of the arbitrator -- Replacement of the arbitrator -- The arbitrator's remuneration -- Communications with the arbitrator -- Exclusion of liability -- Seat of the arbitration -- Substantive law applicable -- Conduct of proceedings generally -- Additional powers of the arbitrator -- Evidence, hearings and submissions -- Evidence of witnesses -- Experts -- Interim measures -- Closure of proceedings -- The award -- Correction of awards -- Expenses -- Settlement
520 ## - SUMMARY, ETC.
Summary, etc. Code of practice for an arbitration carried out in Scotland.
521 ## - TARGET AUDIENCE NOTE
Target audience note Advanced
590 ## - LOCAL NOTE (RLIN)
Local note KA
650 24 - SUBJECT ADDED ENTRY--TOPICAL TERM
Topical term or geographic name entry element SCOTTISH ARBITRATION RULES 2007
650 24 - SUBJECT ADDED ENTRY--TOPICAL TERM
Topical term or geographic name entry element SCOTTISH ARBITRATION CODE 2007
651 #4 - SUBJECT ADDED ENTRY--GEOGRAPHIC NAME
Geographic name Scotland
Chronological subdivision 1999-
690 ## - LOCAL SUBJECT ADDED ENTRY--TOPICAL TERM (OCLC, RLIN)
Topical term or geographic name as entry element MANAGEMENT-DISPUTE AVOIDANCE, MANAGEMENT AND RESOLUTION-DISPUTE MANAGEMENT AND RESOLUTION-ARBITRATION
856 40 - ELECTRONIC LOCATION AND ACCESS
Uniform Resource Identifier <a href="https://www.ciarb.org/scotland/arbitration/arbitration-code/">https://www.ciarb.org/scotland/arbitration/arbitration-code/</a>
Public note View the code free of charge at www.ciarb.org/scotland
942 ## - ADDED ENTRY ELEMENTS (KOHA)
Suppress in OPAC 0
Holdings
Withdrawn status Lost status Source of classification or shelving scheme Damaged status Not for loan Home library Current library Shelving location Date acquired Total Checkouts Full call number Barcode Date last seen Copy number Price effective from Koha item type
    Dewey Decimal Classification     Virtual Virtual Online 01/08/2008   ONLINE PUBLICATION 144632-2001 06/08/2019 1 06/08/2019 Book